[Event "2. Offene Bochumer StEM 2011"]
[Site "?"]
[Date "2011.10.13"]
[Round "6.15"]
[White "Kümmel, Hans-Jürgen"]
[Black "Kempken, Reinhold"]
[Result "1/2-1/2"]
[WhiteElo "1338"]
[BlackElo "1585"]
[PlyCount "39"]

1. d4 c5 2. d5 e5 3. e4 f5 4. Bd3 Nf6 5. Nc3 f4 6. Nf3 d6 7. h3 a6 8. a4 h6 9.
a5 g5 10. Bd2 Bd7 11. Na4 Bxa4 12. Rxa4 Qd7 13. c3 Bg7 14. Ra3 O-O 15. b4 c4
16. Bc2 Rc8 17. Ra2 Qe8 18. Qe2 Qh5 19. Nh2 Qxe2+ 20. Kxe2 1/2-1/2

[Event "2. Offene Bochumer StEM 2011"]
[Site "?"]
[Date "2011.10.13"]
[Round "6.16"]
[White "Schulz, Wolfgang"]
[Black "Schüler, Bernd"]
[Result "0-1"]
[WhiteElo "1000"]
[BlackElo "1476"]
[PlyCount "82"]

1. d4 e5 2. dxe5 Nc6 3. Nf3 Qe7 4. Bf4 Qb4+ 5. Nc3 Qxf4 6. Nd5 Qa4 7. Nxc7+ Kd8
8. Nxa8 Qb4+ 9. c3 Qxb2 10. Rc1 h6 11. e4 Qa3 12. Bc4 Qe7 13. O-O Nxe5 14. Bxf7
Nxf7 15. Qd4 Qc5 16. Qd2 Qd6 17. Qe3 Qb8 18. Rfe1 Qxa8 19. Qf4 Nf6 20. Rcd1 Ng5
21. Nh4 Ne6 22. Qe5 Ke8 23. Ng6 Rg8 24. Re3 Ng4 25. Qh5 Nf6 26. Ne5+ Nxh5 27.
Red3 Nf6 28. f3 Qb8 29. Ng6 Nf4 30. Nxf4 Qxf4 31. e5 Qxe5 32. g3 Qc5+ 33. Kg2
b6 34. Re1+ Kf7 35. Rde3 d5 36. g4 d4 37. cxd4 Qxd4 38. h4 Bc5 39. g5 Qxe3 40.
Rf1 Qe2+ 41. Rf2 Qxf2+ 0-1

[Event "2. Offene Bochumer StEM 2011"]
[Site "?"]
[Date "2011.10.20"]
[Round "7.1"]
[White "Bartel, Mario"]
[Black "Herrmann, Uwe"]
[Result "1-0"]
[WhiteElo "2057"]
[BlackElo "1894"]
[PlyCount "113"]

1. e4 e6 2. d4 d5 3. e5 c5 4. c3 Nc6 5. Nf3 Qb6 6. Bd3 cxd4 7. cxd4 Bd7 8. Nc3
Nxd4 9. Nxd4 Qxd4 10. O-O a6 11. Qe2 Ne7 12. Kh1 Nc6 13. f4 Nb4 14. Rd1 Nxd3
15. Rxd3 Qb6 16. Be3 Bc5 17. Bxc5 Qxc5 18. f5 g6 19. b4 Qxb4 20. Rb1 Qf4 21.
Rf3 Qc4 22. fxe6 Bxe6 23. Qd2 b5 24. Rf4 Qc5 25. Rd4 Rc8 26. Nxd5 Bxd5 27. Rxd5
Qe7 28. Qh6 Qf8 29. Qh3 Rc7 30. Rbd1 Qe7 31. Qh6 Rc8 32. Qg7 Rf8 33. Qf6 Qc7
34. e6 Qe7 35. exf7+ Rxf7 36. Qxa6 Qc7 37. Qxb5+ Kf8 38. Qb4+ Kg7 39. Qd4+ Kf8
40. Qb4+ Kg7 41. Qd4+ Kg8 42. h3 Rcf8 43. Rd8 Qe7 44. Rxf8+ Qxf8 45. Qc4 Kg7
46. a4 Rf4 47. Rd7+ Kh8 48. Qc7 Qh6 49. Qe5+ Kg8 50. Qe6+ Kh8 51. Qe5+ Kg8 52.
Rd8+ Rf8 53. Qe6+ Kh8 54. Qf6+ Kg8 55. Rxf8+ Qxf8 56. Qxf8+ Kxf8 57. a5 1-0

[Event "2. Offene Bochumer StEM 2011"]
[Site "?"]
[Date "2011.10.20"]
[Round "7.2"]
[White "Quast, Marcel"]
[Black "Pewny, Uwe"]
[Result "1/2-1/2"]
[WhiteElo "2142"]
[BlackElo "2187"]
[PlyCount "105"]

1. e4 g6 2. d4 Bg7 3. Nf3 d6 4. Nc3 Nf6 5. Be2 O-O 6. O-O Nc6 7. d5 Nb8 8. Nd4
c6 9. dxc6 Nxc6 10. Be3 Bd7 11. h3 Rc8 12. Qd2 Qc7 13. f4 Nxd4 14. Bxd4 Bc6 15.
Bf3 b5 16. e5 Ne8 17. Bxc6 Qxc6 18. Rac1 Nc7 19. Qe3 Ne6 20. Bxa7 b4 21. Ne2
dxe5 22. fxe5 Qc7 23. Bb6 Qxe5 24. Qxe5 Bxe5 25. c3 Ra8 26. Ra1 Ra6 27. Bd4
Bxd4+ 28. Nxd4 Nxd4 29. cxd4 Rfa8 30. Rf3 Rxa2 31. Rxa2 Rxa2 32. Rb3 Ra4 33.
Kf2 f5 34. Ke3 Kf7 35. Kd3 Ra1 36. Kc4 Rg1 37. g3 Ke6 38. Re3+ Kd6 39. Kxb4 Kd5
40. Kc3 e6 41. Re5+ Kd6 42. Re3 g5 43. Kc4 Rh1 44. h4 gxh4 45. gxh4 Rxh4 46.
Ra3 e5 47. Ra6+ Kc7 48. Kd5 exd4 49. Ra3 Rh2 50. Kxd4 Rxb2 51. Ke5 Rb5+ 52. Kf4
Kd6 53. Rh3 1/2-1/2

[Event "2. Offene Bochumer StEM 2011"]
[Site "?"]
[Date "2011.10.20"]
[Round "7.3"]
[White "Goralski, Christian"]
[Black "Mancic, Ivan"]
[Result "1-0"]
[WhiteElo "2074"]
[BlackElo "1976"]
[PlyCount "105"]

1. e4 c5 2. b4 cxb4 3. a3 bxa3 4. Bc4 e6 5. Nf3 d5 6. exd5 exd5 7. Bb5+ Nc6 8.
Ne5 Bd7 9. Nxd7 Qxd7 10. O-O Bd6 11. Nxa3 Nf6 12. Re1+ Kf8 13. Bb2 Qf5 14. Bxf6
Qxf6 15. c3 g6 16. d4 Kg7 17. Nc2 Ne7 18. Ne3 h5 19. Be2 Rhd8 20. Bf3 Rd7 21.
Ra5 Rc8 22. Qa4 Rcd8 23. Rxa7 Qf4 24. h3 Qh2+ 25. Kf1 Nf5 26. Ra8 Nxe3+ 27.
Rxe3 b5 28. Rxd8 bxa4 29. Rxd7 a3 30. Bxd5 Qh1+ 31. Ke2 Bf4 32. Rxf7+ Kh6 33.
Rxf4 Qb1 34. Kf3 a2 35. Bxa2 Qxa2 36. Kg3 Qd5 37. Re5 Qc6 38. Rf3 Qc7 39. h4
Qd7 40. Rg5 Qc7+ 41. Kh3 Qc8+ 42. Kh2 Qc7+ 43. Rfg3 Qf4 44. Rxg6+ Kh7 45. d5
Qxh4+ 46. Kg1 Qf4 47. d6 h4 48. R3g4 Qc1+ 49. Kh2 Qxc3 50. Rg7+ Kh6 51. d7 Qe5+
52. f4 Qd4 53. Rg8 1-0

[Event "2. Offene Bochumer StEM 2011"]
[Site "?"]
[Date "2011.10.20"]
[Round "7.4"]
[White "Müller, Falk"]
[Black "Melmer, Felix"]
[Result "0-1"]
[WhiteElo "2016"]
[BlackElo "1907"]
[PlyCount "120"]

1. e4 c5 2. Nf3 Nc6 3. d4 cxd4 4. Nxd4 g6 5. Nc3 Bg7 6. Be3 Nf6 7. Be2 O-O 8.
Qd2 d5 9. exd5 Nxd5 10. Nxd5 Qxd5 11. Bf3 Qe5 12. Nxc6 bxc6 13. O-O Bf5 14. c3
Rad8 15. Qc1 Qc7 16. Bc5 Rd3 17. Rd1 Rfd8 18. Rxd3 Rxd3 19. Be2 Rd5 20. Be3 c5
21. Bc4 Rd8 22. Qf1 Rb8 23. Qe2 Be5 24. h3 a5 25. a4 Bd6 26. Rd1 Qc6 27. b3 Qe4
28. Qd2 Qe5 29. f4 Qf6 30. Rc1 Be4 31. Qf2 Qf5 32. g4 Qc8 33. Rf1 Kg7 34. f5
gxf5 35. Qh4 Qg8 36. Qg5+ Kh8 37. Qxg8+ Kxg8 38. gxf5 Kg7 39. Bf4 Kf6 40. Bxd6
exd6 41. Rd1 Rd8 42. Bd5 Rg8+ 43. Kf2 Bxf5 44. Bc4 Ke7 45. Re1+ Kf8 46. Re3 Rg5
47. Bd3 Be6 48. c4 h6 49. Be4 Re5 50. h4 f5 51. Bf3 Ke7 52. Rd3 f4 53. Bd1 Bf5
54. Rc3 Be4 55. Bf3 Bh7 56. Bd1 Bg8 57. Kf3 Re1 58. Bc2 Rf1+ 59. Kg2 Rc1 60.
Kf3 Bh7 0-1

[Event "2. Offene Bochumer StEM 2011"]
[Site "?"]
[Date "2011.10.20"]
[Round "7.5"]
[White "Budszuhn, Timo"]
[Black "Kiese, Matthias"]
[Result "1/2-1/2"]
[WhiteElo "1938"]
[BlackElo "2104"]
[PlyCount "40"]

1. e4 e6 2. d4 d5 3. Nc3 dxe4 4. Nxe4 Bd7 5. Nf3 Bc6 6. Ng3 Nd7 7. Be2 Ngf6 8.
O-O Be7 9. c4 Bxf3 10. Bxf3 c6 11. d5 cxd5 12. cxd5 exd5 13. Nf5 O-O 14. Bxd5
Nxd5 15. Qxd5 Bf6 16. Rd1 Nc5 17. Nd6 Ne6 18. Be3 Qe7 19. Rd2 b6 20. Rad1 Rad8
1/2-1/2

[Event "2. Offene Bochumer StEM 2011"]
[Site "?"]
[Date "2011.10.20"]
[Round "7.6"]
[White "Schmidt, Ralph"]
[Black "Jellinghaus, Lars"]
[Result "0-1"]
[WhiteElo "1923"]
[BlackElo "2084"]
[PlyCount "104"]

1. e4 e6 2. d4 d5 3. exd5 exd5 4. Bd3 Nc6 5. Ne2 Bd6 6. c3 Qh4 7. g3 Qh5 8. Nf4
Qxd1+ 9. Kxd1 Nf6 10. f3 Ne7 11. Na3 c6 12. Nc2 h5 13. Ng2 Bh3 14. Nce1 O-O-O
15. Bf4 Ne8 16. Kd2 f6 17. Bxd6 Nxd6 18. Nf4 Bf5 19. Neg2 g5 20. Bxf5+ Nexf5
21. Nd3 h4 22. g4 Nc4+ 23. Kc1 h3 24. Nge1 Nh4 25. b3 Ne3 26. a3 Rde8 27. Ra2
Neg2 28. Kd1 Re3 29. Re2 Nxf3 30. Rxe3 Nxe3+ 31. Ke2 Nxe1 32. Kxe3 Re8+ 33. Kd2
Nf3+ 34. Kc2 Re2+ 35. Kc1 Nxh2 36. Kd1 Ra2 37. Nc1 Rg2 38. Ke1 Nf3+ 39. Kf1
Nd2+ 40. Ke1 h2 41. Ne2 Nf3+ 42. Kf1 Rxg4 43. Kf2 Rg1 44. Rxh2 Nxh2 45. Kxg1
Nf3+ 46. Kf2 Nd2 47. b4 Kd7 48. Kg3 Ke6 49. Kg4 Ne4 50. a4 f5+ 51. Kf3 Kf6 52.
Ke3 f4+ 0-1

[Event "2. Offene Bochumer StEM 2011"]
[Site "?"]
[Date "2011.10.20"]
[Round "7.7"]
[White "Klüting, Reiner"]
[Black "Berens, Thomas"]
[Result "0-1"]
[WhiteElo "1939"]
[BlackElo "1891"]
[PlyCount "54"]

1. e4 c5 2. Nf3 Nc6 3. d4 cxd4 4. c3 d3 5. c4 g6 6. Qxd3 Bg7 7. Nc3 d6 8. Be2
Nf6 9. O-O O-O 10. h3 a5 11. Be3 a4 12. Rab1 Qa5 13. a3 Nd7 14. Nd5 Nc5 15. Qc2
f5 16. Bxc5 Qxc5 17. Bd3 e6 18. Nc7 Ra5 19. exf5 gxf5 20. b4 axb3 21. Rxb3 Ne5
22. Nxe5 Bxe5 23. Nb5 Bd7 24. Qd2 Raa8 25. Qg5+ Kh8 26. Qe7 Bc6 27. Qxe6 Rg8
0-1

[Event "2. Offene Bochumer StEM 2011"]
[Site "?"]
[Date "2011.10.20"]
[Round "7.8"]
[White "Meise, Ulrich"]
[Black "Gawlick, Joachim"]
[Result "1-0"]
[WhiteElo "1890"]
[BlackElo "1865"]
[PlyCount "53"]

1. e4 c6 2. Nf3 d5 3. exd5 cxd5 4. d4 Nc6 5. Bb5 Bg4 6. O-O e6 7. Nc3 Qb6 8.
Re1 Be7 9. h3 Bxf3 10. Qxf3 Qxd4 11. Qg3 Rc8 12. Bf4 Nf6 13. Rad1 Qb4 14. Be5
O-O 15. Bxc6 bxc6 16. Rd4 Qa5 17. Re3 Nh5 18. Qg4 g6 19. Qxh5 f6 20. Rg3 Kf7
21. Qxh7+ Ke8 22. Ra4 Qb6 23. Qxg6+ Kd7 24. Bf4 e5 25. Qf5+ Kd6 26. Re3 Rce8
27. Rxe5 1-0

[Event "2. Offene Bochumer StEM 2011"]
[Site "?"]
[Date "2011.10.20"]
[Round "7.11"]
[White "Maczkowiak, Thomas"]
[Black "Ulrich, Robin"]
[Result "1-0"]
[WhiteElo "1835"]
[BlackElo "1532"]
[PlyCount "65"]

1. Nf3 Nf6 2. g3 d5 3. Bg2 Bf5 4. O-O c5 5. d4 Nc6 6. c3 e6 7. Qb3 Qd7 8. Bf4
Na5 9. Qd1 cxd4 10. Nxd4 Be7 11. Nxf5 exf5 12. e3 Ne4 13. Nd2 Rc8 14. Nf3 f6
15. h4 g6 16. Bh6 Rg8 17. Qe2 g5 18. hxg5 fxg5 19. Ne5 Qe6 20. Qh5+ Kd8 21.
Nf7+ Kc7 22. Bxe4 Qxe4 23. Bxg5 h6 24. Bxe7 Qxe7 25. Qxf5 Rcf8 26. Qe5+ Qxe5
27. Nxe5 Kd6 28. Nd3 Nc4 29. Rad1 Rf3 30. Kg2 Rf5 31. b3 Ne5 32. Nf4 Ng4 33. c4
1-0

[Event "2. Offene Bochumer StEM 2011"]
[Site "?"]
[Date "2011.10.20"]
[Round "7.12"]
[White "Jedner, Volker"]
[Black "Böcker, Marcus"]
[Result "1-0"]
[WhiteElo "1793"]
[BlackElo "1256"]
[PlyCount "77"]

1. d4 Nf6 2. Nf3 e6 3. Bg5 Be7 4. e3 Ne4 5. Bf4 Bb4+ 6. c3 Qe7 7. cxb4 Qxb4+ 8.
Nbd2 Nxd2 9. Qxd2 Nc6 10. a3 Qxd2+ 11. Kxd2 d6 12. Bb5 Bd7 13. Rac1 O-O 14.
Rhe1 Rfd8 15. b4 Rac8 16. Bd3 Ne7 17. e4 Ng6 18. Be3 e5 19. dxe5 dxe5 20. Ke2
Bg4 21. h3 Bxf3+ 22. gxf3 b6 23. Ba6 Rb8 24. Rxc7 Nf4+ 25. Bxf4 exf4 26. Rd1
Rxd1 27. Kxd1 Rd8+ 28. Ke2 g5 29. Rxa7 h5 30. Bc4 Rf8 31. Rb7 Kg7 32. Rxb6 Rc8
33. Bd5 Rc2+ 34. Kf1 g4 35. fxg4 Rc3 36. Kg2 f3+ 37. Kg3 hxg4 38. hxg4 Rxa3 39.
Rb7 1-0

[Event "2. Offene Bochumer StEM 2011"]
[Site "?"]
[Date "2011.10.20"]
[Round "7.13"]
[White "Schüler, Bernd"]
[Black "Tuscher, Albin"]
[Result "0-1"]
[WhiteElo "1476"]
[BlackElo "1673"]
[PlyCount "114"]

1. e4 e6 2. c4 c5 3. Nf3 Nc6 4. Be2 Nf6 5. d3 Be7 6. O-O O-O 7. Nc3 h6 8. h3 a6
9. Nh2 d6 10. Ng4 Rb8 11. Nxf6+ Bxf6 12. Bg4 b5 13. cxb5 axb5 14. Ne2 Ne5 15.
Ng3 Nxg4 16. Qxg4 Bd4 17. Qh5 Qf6 18. Rb1 b4 19. Ne2 Ba6 20. Be3 Bxd3 21. Bxd4
cxd4 22. Rbd1 Bxe4 23. Rxd4 d5 24. Rfd1 e5 25. R4d2 d4 26. Ng3 Bg6 27. Qe2 Qf4
28. Qe1 b3 29. a3 Bc2 30. Ra1 d3 31. Qe3 Qxe3 32. fxe3 f5 33. Nh1 Kf7 34. Nf2
e4 35. g3 g5 36. Kg2 Ke6 37. g4 f4 38. exf4 Rxf4 39. Re1 Kd5 40. Nd1 Bxd1 41.
Rexd1 Rc8 42. Rxd3+ exd3 43. Rxd3+ Rd4 44. Rxb3 Rc2+ 45. Kf3 Rf4+ 46. Kg3 Rff2
47. Rb5+ Kc6 48. Rb8 Rxb2 49. Rh8 Rfd2 50. Kf3 Rd3+ 51. Ke4 Rxh3 52. Kf5 Rb5+
53. Kf6 Kd5 54. Rf8 Rb6+ 55. Kg7 Rxa3 56. Kh8 Ra7 57. Rf5+ Ke4 0-1

[Event "2. Offene Bochumer StEM 2011"]
[Site "?"]
[Date "2011.10.20"]
[Round "7.14"]
[White "Säglitz, Patrick"]
[Black "Ishar, Bing"]
[Result "0-1"]
[WhiteElo "1302"]
[BlackElo "1474"]
[PlyCount "50"]

1. e4 e6 2. d4 d5 3. Nc3 Nf6 4. Bg5 Be7 5. Bxf6 Bxf6 6. e5 Be7 7. Qg4 O-O 8. f4
c5 9. dxc5 Nc6 10. Nf3 Qa5 11. O-O-O Qxc5 12. Bd3 f5 13. exf6 Rxf6 14. Qh5 g6
15. Qh6 Qe3+ 16. Kb1 Bf8 17. Qg5 Qxf4 18. Rhf1 Qxg5 19. Nxg5 Rxf1 20. Rxf1 Be7
21. Nf3 Bd7 22. Bb5 a6 23. Bxc6 Bxc6 24. Ne5 Rf8 25. Rxf8+ Kxf8 0-1

[Event "2. Offene Bochumer StEM 2011"]
[Site "?"]
[Date "2011.10.20"]
[Round "7.15"]
[White "Picker, Andre"]
[Black "Kümmel, Hans-Jürgen"]
[Result "1-0"]
[WhiteElo "1416"]
[BlackElo "1338"]
[PlyCount "76"]

1. c4 e6 2. g3 Nf6 3. Bg2 c6 4. Nc3 d5 5. b3 Nbd7 6. cxd5 exd5 7. e3 Bd6 8.
Nge2 Nc5 9. d4 Ne6 10. O-O Ng5 11. Qc2 O-O 12. e4 Ngxe4 {Oder der andere
Springer?} 13. Nxe4 dxe4 14. Bxe4 Bh3 15. Re1 Nxe4 16. Qxe4 Qd7 17. Bf4 Rae8
18. Qd3 Bg4 19. Bxd6 Qxd6 20. Nf4 Re7 21. Re3 Rfe8 22. Rae1 Rxe3 23. Rxe3 Qd7
24. Rxe8+ Qxe8 25. Qe3 Qd7 26. h3 Bf5 27. Qe5 g6 28. g4 Be6 29. Qb8+ Kg7 30.
Qxa7 Bxg4 31. d5 Bf5 32. Qd4+ Kh6 33. h4 cxd5 34. Qc5 Kg7 35. Qd4+ Kg8 36. Nxd5
Qe6 37. Ne3 h6 38. Qf4 Kh7 {Zeitüberschreitung} 1-0

[Event "2. Offene Bochumer StEM 2011"]
[Site "?"]
[Date "2011.10.20"]
[Round "7.16"]
[White "Kempken, Reinhold"]
[Black "Schulz, Wolfgang"]
[Result "1-0"]
[WhiteElo "1585"]
[BlackElo "1000"]
[PlyCount "77"]

1. e4 e6 2. c4 Nc6 3. d4 e5 4. d5 Nd4 5. Nf3 Nxf3+ 6. Qxf3 Qf6 7. Qb3 Bc5 8.
Be3 Bxe3 9. Qxe3 Nh6 10. f3 O-O 11. Nc3 a6 12. Rd1 d6 13. b4 a5 14. b5 a4 15.
b6 Qh4+ 16. g3 Qf6 17. bxc7 Bd7 18. Bg2 Ra5 19. Rb1 Bc8 20. Rb5 Ra6 21. O-O Re8
22. Rb6 Ra5 23. Nb5 Rxb5 24. Rxb5 Nf5 25. exf5 Qxf5 26. Qe4 Qd7 27. Rc1 Qxc7
28. Qe3 Bd7 29. Qb6 Qc8 30. Ra5 Bf5 31. Qxd6 Bd3 32. c5 h6 33. Rxa4 Bb5 34. Rb4
Bc6 35. dxc6 bxc6 36. Rcb1 Re6 37. Rb8 Rxd6 38. Rxc8+ Kh7 39. cxd6 1-0